000 00983nam a2200289 a 4500
001 BRCA_7504
005 20190320205850.0
008 020513s1926----gw-a######---#000-0#ger-#
041 _ager
044 _agw
050 4 _aND566
_b.D76 1926
100 1 _aDrost, Phil Willi
_918499
245 1 0 _aBarockmalerei in den Germanischen Ländern
_cvon Phil Willi Drost ; begründet von Fritz Burger ; herausgegeben von A. E. Brinckmann.
260 _aWildpark, Alemania
_bAkademische Verlagsgesellschaft Athenaion
_c1926
300 _a313 p.
_bil. (algunas a color), 16 láminas
_c29 cm.
440 0 _aHandbuch der Kunstwissenschaft
_918500
500 _aIncluye índice de ilustraciones
500 _aR46
504 _aBibliografía p. 298-305
650 1 4 _aPinturas alemanas
_910386
650 1 4 _aPinturas barrocas
_914110
650 1 4 _aPintura
_zAlemania
_914348
700 1 _aBurger, Fritz
_918501
700 1 _aBrinckmann, A. E.
_eed.
_918502
902 _aGFM
942 _2lcc
_cB
999 _c7179
_d7179